000 00561nam 22001693 4500
001 199426
090 _a199426
100 _a20251205d u||y0pory50 ba
200 _aAlimentação Regional Angolana
_fÓscar Ribas
210 _a[S.l]
_cImprensa Nacional de Angola
_d1965
215 _a37, [3] p.
_cbrochado
_d27 cm
606 _92051
_aAntropologia Cultural. Etnologia. Etnografia. Usos e Costumes. Tradições. Modo de vida. Folclore
675 _a39
_vPT
_zpor
700 _915280
_aRibas
_bÓscar
_f1909-2004
801 _aPT
_bBMMN
_gRPC
830 _cVanda
990 _cLIVROS